000 00561nam a2200133Ia 4500
008 220615s9999||||xx |||||||||||||| ||und||
100 _aEngel, Christoph||Ockenfels, Axel
245 0 _aChapter Maverick: Experimentally Testing a Conjecture of the Antitrust Authorities
546 _aEnglish[eng]
650 _aAnalytical sociology||cooperation||trust||social networks||institutions
700 _aBuskens, Vincent||Corten, Rense||Snijders, Chris
856 _uhttps://library.oapen.org/bitstream/20.500.12657/53756/1/10.1515_9783110647495-016.pdf
942 _cEB
999 _c15931
_d15931